Make a mil-yen : (Record no. 13165)

000 -LEADER
fixed length control field 00519cam a2200193 a 4500
020 ## - INTERNATIONAL STANDARD BOOK NUMBER
ISBN 1880656116 :
040 ## - CATALOGING SOURCE
Transcribing agency DLC
082 00 - DEWEY DECIMAL CLASSIFICATION NUMBER
Classification number 428 STO 1994 A024 Or.
100 1# - MAIN ENTRY--AUTHOR NAME
Personal name Best, Don,
245 10 - TITLE STATEMENT
Title Make a mil-yen :
Remainder of title teaching English in Japan /
260 ## - PUBLICATION, DISTRIBUTION, ETC. (IMPRINT)
Place of publication Berkeley, Calif. :
Name of publisher Stone Bridge Press,
Year of publication c1994.
300 ## - PHYSICAL DESCRIPTION
Number of Pages 176 p. :
Other physical details ill., map ;
Dimensions 22 cm.
500 ## - GENERAL NOTE
General note Includes index.
650 #0 - SUBJECT ADDED ENTRY--TOPICAL TERM
Topical Term English philology
650 #0 - SUBJECT ADDED ENTRY--TOPICAL TERM
Topical Term English language
650 #0 - SUBJECT ADDED ENTRY--TOPICAL TERM
Topical Term English teachers
650 #0 - SUBJECT ADDED ENTRY--TOPICAL TERM
Topical Term Americans
942 ## - ADDED ENTRY ELEMENTS (KOHA)
Koha item type សៀវភៅភាសាអង់គ្លេស
952 ## - LOCATION AND ITEM INFORMATION (KOHA)
Withdrawn status [LOCAL, KOHA] 0
Holdings
Permanent Location Date acquired Koha item type Lost status Shelving location Barcode Current Location Full call number
Library Block A2017-08-20សៀវភៅភាសាអង់គ្លេស A022A17147 Library Block A428 STO 1994 A022 Or.
មជ្ឈមណ្ឌលឯការនៃសាកលវិទ្យាល័យភូមិន្ទកសិកម្មចំការដូង

Powered by Koha